000 00573cam a2200205ua 4500
020 _a81-204-0477-7
_c49.50
041 _aeng
_h
082 _a631.587
_bKUS/IR
100 _aKushalani, K.B .
245 _aIrrigation practice and design : Diversion and distribution works, Vol 4 /
_cK.B.Kushalani.
_hTextual Documents
250 _a1 /
_b.
260 _a :
_bOxford & IBH Publishing company ,
_c1990.
300 _a570 ; .
365 _a49.50
504 _a
700 1 _aManohar, Kushalani .
942 _cBK
999 _c1357
_d1357